00735nam a2200157Ia 4500008004100000024005600041082001800097100008700115245005700202260002500259600002700284650003300311856010700344952010900451999001700560250506s9999 xx 000 0 und d a17B-063-EE, 17B-067-EE, 17B-097-EE & 17B-098-EE a621.55072 ASI aMuhammad Omer Asif, Hassan Ali Khan Jatoi, Ali Raza Memon & Muhammad Waseem Akhter 0aSemi Automatic Aerosol Gas Filling Machine (with CD) aKarachi:bUIT,c2017 aElectronic Engineering aBachelor of Engineering (BE) uhttps://drive.google.com/file/d/1bGwPOaUXOtK1aZy7vEx7bnTbDoy97dy0/view?usp=sharingyClick here for PDF 001040708PR-EEaUITUbUITUd2022-07-26l0o621.55072 ASIpEE-484r2025-05-06 11:34:42w2025-05-06yPR c29005d29005